The evolution of man : essays / G. Elliot Smith.

Guardat en:
Dades bibliogràfiques
Autor principal: Smith, G. Elliot (Grafton Elliot), Sir, 1871-1937
Format: Llibre
Idioma:English
Publicat: London : O.U.P., 1924.
Matèries:
LEADER 00831nam a2200229 4500
001 c000369954
003 CARM
005 00000000000000.0
008 851211s1924 enk 00010 eng d
019 1 |a 4177619  |z 12458809  |z 26127917  |5 LACONCORD2021 
035 |a (OCoLC)14811158  |5 LACONCORD2021 
040 |d ANL 
100 1 |a Smith, G. Elliot  |q (Grafton Elliot),  |c Sir,  |d 1871-1937. 
245 1 4 |a The evolution of man :  |b essays / G. Elliot Smith. 
260 |a London :  |b O.U.P.,  |c 1924. 
300 |a vi, 159 p. ; 23 cm. 
650 0 |a Human beings  |x Origin. 
650 0 |a Evolution. 
852 8 |b CARM  |h A1:AO19D0  |i B08304  |p 0404463  |f BK 
082 0 4 |a 573.3 
999 f f |i f0131b4c-5f60-5753-a9fb-c0edcc0a2d99  |s 135ecd0f-a24f-553e-8188-38cae66424c5 
952 f f |p Can circulate  |a CAVAL  |b CAVAL  |c CAVAL  |d CARM 1 Store  |e B08304  |f A1:AO19D0  |h Other scheme  |i book  |m 0404463